Defects and deterioration in buildings : a practical guide to the science and technology of material failure (Record no. 10438)

000 -LEADER
fixed length control field 00428nam a2200145Ia 4500
003 - CONTROL NUMBER IDENTIFIER
control field OSt
005 - DATE AND TIME OF LATEST TRANSACTION
control field 20220321132102.0
008 - FIXED-LENGTH DATA ELEMENTS--GENERAL INFORMATION
fixed length control field 220318s9999 xx 000 0 und d
020 ## - INTERNATIONAL STANDARD BOOK NUMBER
International Standard Book Number 9780367397524
082 ## - DEWEY DECIMAL CLASSIFICATION NUMBER
Classification number 690.24
Item number RIC
100 ## - MAIN ENTRY--PERSONAL NAME
Personal name Richardson, Bill, 1955-
245 #0 - TITLE STATEMENT
Title Defects and deterioration in buildings : a practical guide to the science and technology of material failure
260 ## - PUBLICATION, DISTRIBUTION, ETC. (IMPRINT)
Name of publisher, distributor, etc Routledge
Date of publication, distribution, etc 1991
942 ## - ADDED ENTRY ELEMENTS (KOHA)
Source of classification or shelving scheme
Holdings
Withdrawn status Lost status Source of classification or shelving scheme Damaged status Koha normalized classification for sorting Not for loan Permanent location Current location Date acquired Source of acquisition Cost, normal purchase price Full call number Barcode Date last seen Cost, replacement price Price effective from Koha item type
        690_240000000000000_RIC   BMS College of Architecture, Design and Planning BMS College of Architecture, Design and Planning 2022-03-21 1 4272.54 690.24 RIC AR-UG2445 2022-03-21 6103.63 2022-03-21 UG Books
Copyright © 2025, The Librarian, Library and Information Centre, BMSCA D&P, Bengaluru. All Rights Reserved
web counter

Powered by Koha